Score 0/7 Timer 03:00
1 Play Today
Question Answer Wrong Answers
This man is arrested for high treason for his role in the Beer Hall Putsch.
1923
Adolf Hitler
77.8%
Joseph Stalin
6.7%
Benito Mussolini
5.8%
Vladimir Lenin
9.4%
In Rhodesia (known as ______ today), the white-minority government of Ian Smith unilaterally declares independence.
1965
Zimbabwe
74.4%
South Africa
10.7%
Kenya
3.2%
Tanzania
11%
‘Irises’, a painting by this Dutch artist, is sold at auction for a then record $53.6 million.
1987
Vincent van Gogh
71.2%
Claude Monet
15.7%
Paul Cézanne
2.6%
Rembrandt
9.3%
This Russian novelist, whose most acclaimed works include ‘Crime and Punishment’ and ‘The Brothers Karamazov’, is born.
1821
Fyodor Dostoyevsky
69.1%
Leo Tolstoy
24.3%
Anton Chekhov
4.5%
Alexander Pushkin
1.9%
This American singer-songwriter releases her 2nd studio album, ‘Fearless’, which goes on to win a Grammy for Album of the Year.
2008
Taylor Swift
62.1%
Katy Perry
24.3%
Ariana Grande
5.7%
Miley Cyrus
6.2%
This Chinese e-commerce giant, co-founded by Jack Ma, does a record $25.3 billion in sales in a single day.
2017
Alibaba
59.6%
Amazon
10.6%
SaleHoo
5.5%
Xiaomi
22.5%
Angola gains their independence from ______.
1975
Portugal
48.2%
France
41.4%
Germany
4.7%
Italy
4.7%
Remove Ads.
Support Sporcle.
Get the best of Sporcle when you Go Orange. This ad-free experience offers more features, more stats, and more fun while also helping to support Sporcle. Thank you for becoming a member.

You're not logged in!

Compare scores with friends on all Sporcle quizzes.
OR
Log In

Show Comments

Extras

Top Quizzes Today


Score Distribution

Your Account Isn't Verified!

In order to create a playlist on Sporcle, you need to verify the email address you used during registration. Go to your Sporcle Settings to finish the process.

Report this User

Report this user for behavior that violates our Community Guidelines.

Details: